000 00371nam a2200145Ia 4500
008 230711s9999||||xx |||||||||||||| ||und||
041 _aENG
082 _a621
_bSU-P
100 _aSumita,AK
245 0 _aProfessional electrical object engineering
250 _a1st Ed.
260 _c1992
_aNew Delhi
_bPradeep publishers
650 _aElectrical Engineering
942 _cBK
999 _c3025
_d3025